[Event "FRA-ch"]
[Site "Meribel"]
[Date "1998.08.17"]
[Round "4"]
[White "Guigonis, Dominique"]
[Black "Marciano, David"]
[Result "0-1"]
[WhiteElo "2315"]
[BlackElo "2525"]

1.d4 Nf6 2.Bg5 e6 3.Nc3 h6 4.Bh4 d5 5.Bxf6 Qxf6 6.e4 Bb4 7.e5 Qd8 8.Qg4 Qg5
9.Qf3 c5 10.h4 Qe7 11.a3 Ba5 12.O-O-O cxd4 13.Nb5 Nc6 14.Qg3 g6 15.f4 a6
16.Nd6+ Kd7 17.h5 g5 18.fxg5 Bc7 19.gxh6 Bxd6 20.exd6 Qxd6 21.Qg7 Qf4+ 22.Kb1 Qxh6
23.Qxf7+ Kd6 24.Bd3 Bd7 25.Qf2 Raf8 26.Nf3 e5 27.Bg6 e4 28.Qg3+ Qf4 29.Qxf4+ Rxf4
30.Ng5 Ne5 31.Rhf1 Rxf1 32.Rxf1 Nxg6 33.Nf7+ Ke7 34.Nxh8 Nxh8 35.h6 Be8 36.Kc1 Bg6
37.Rd1 d3 38.cxd3 exd3 39.Kd2 Nf7 40.Rc1 Kd6 41.Rf1 Ke6 42.Re1+ Ne5 43.b3 Kf6
44.Rc1 Nc6 45.Rf1+ Kg5 46.Rf7 Kxh6 47.Rxb7 Kg5 48.Rb6 Nd4 49.Rb4 Ne6 50.Rb6 Nc5
51.Rxg6+ Kxg6 52.b4 Ne6 53.a4 Kf5 54.Kxd3 Ke5 55.g3 Nd4 56.g4 Ne6 57.Ke3 d4+
58.Kd2 Kd5 59.Kd3 Nf4+  0-1

[Event "FRA-ch"]
[Site "Meribel"]
[Date "1998.08.21"]
[Round "8"]
[White "Guigonis, Dominique"]
[Black "Kouatly, Bachar"]
[Result "1/2-1/2"]
[WhiteElo "2315"]
[BlackElo "2495"]

1.d4 Nf6 2.Bg5 e6 3.Nc3 h6 4.Bh4 d5 5.Bxf6 Qxf6 6.e4 Bb4 7.e5 Qe7 8.Qg4 Qg5
9.Qf3 c5 10.h4 Qe7 11.a3 Bxc3+ 12.Qxc3 O-O 13.dxc5 a5 14.Nf3 Bd7 15.O-O-O Rc8
16.Rd4 Rxc5 17.Qd2 Nc6 18.Rg4 f5 19.exf6 Qxf6 20.Bd3 Rf8 21.Rh3 e5 22.Rg6 Bxh3
23.Rxf6 Rxf6 24.b4 e4 25.bxc5 exd3 26.Ne1 Bf5 27.cxd3 Nd4 28.Qb2 Ne6 29.d4 Be4
30.f3 Bg6 31.Kd2 Rf4 32.Ke3 Rxh4 33.Qxb7 Rxd4 34.Qc8+ Kf7 35.Qxe6+ Kxe6 36.Kxd4 h5
37.g3 Be8 38.Ng2 g5 39.f4 Bc6 40.fxg5 Kf5 41.Ne3+ Kxg5 42.Ke5 Ba8 43.Nxd5 Kg4
44.Nf6+ Kg5 45.Nd5 Kg4 46.Nf6+ Kg5 47.Ne4+ Kg4 48.Kd4 Bb7 49.Ke3 Bc6 50.Nf6+ Kg5
51.Ng8 Bg2 52.Ne7 Kf6 53.Nc8 Ke5 54.Nb6 Bh3 55.Kd3 Be6 56.Ke3 Bh3 57.Kd2 Kd4
58.c6 Kc5 59.Nd7+ Kxc6 60.Nf6 Bg4  1/2-1/2

[Event "POL-chTJ"]
[Site "Rowy"]
[Date "1998.08.27"]
[Round "8"]
[White "Radziewicz, Iweta"]
[Black "Mista, Aleksander"]
[Result "1-0"]
[WhiteElo "2425"]
[BlackElo "2255"]

1.d4 Nf6 2.Bg5 e6 3.e3 h6 4.Bh4 d5 5.Nf3 Be7 6.c3 Ne4 7.Bxe7 Qxe7 8.Bd3 Nd7
9.O-O b6 10.Qa4 Bb7 11.Ne5 a6 12.Nxd7 Qxd7 13.Qc2 f5 14.f3 Nf6 15.Nd2 O-O
16.f4 c5 17.Nf3 Qe8 18.Ne5 Nd7 19.Nf3 Bc6 20.Rae1 c4 21.Be2 Qe7 22.Kh1 b5
23.Rg1 Kh7 24.g4 g6 25.Rg3 Nf6 26.Ne5 Be8 27.Reg1 Rg8 28.Bf3 Bf7 29.Qg2 Qe8
30.Bd1 Nd7 31.Nf3 Nf6 32.Ne5 Nd7 33.gxf5 exf5 34.h4 Nxe5 35.dxe5 Qe7 36.h5 Rg7
37.Bc2 Qe6 38.Qh3 Rag8 39.hxg6+ Bxg6 40.Rxg6 Rxg6 41.Bxf5 Qc6 42.Rxg6 Rxg6
43.Qg2 Kg7 44.Bxg6 Qxg6 45.f5 Qxg2+ 46.Kxg2 a5 47.a3  1-0

[Event "FRA-ch playoff"]
[Site "Meribel"]
[Date "1998.08.29"]
[Round "2"]
[White "Hauchard, Arnaud"]
[Black "Fressinet, Laurent"]
[Result "1-0"]
[WhiteElo "2480"]
[BlackElo "2450"]

1.d4 Nf6 2.Bg5 e6 3.e3 b6 4.Nf3 Bb7 5.c4 Bb4+ 6.Nc3 h6 7.Bh4 g5 8.Bg3 Ne4
9.Qc2 d6 10.Bd3 Bxc3+ 11.bxc3 Nxg3 12.hxg3 Nd7 13.a4 a5 14.Be4 Bxe4 15.Qxe4 Nf6
16.Qd3 Nd7 17.Qe4 Nf6 18.Qd3 Ke7 19.Rb1 Qd7 20.Rb5 Rab8 21.e4 Ng4 22.Ke2 c6
23.Rb2 d5 24.e5 c5 25.Rb5 Rhc8 26.cxd5 exd5 27.Nd2 cxd4 28.cxd4 h5 29.Rxh5 Rc1
30.Rxg5 Rbc8 31.Qf3 Qc6 32.Rxg4 Qc2 33.Qf6+ Kf8 34.Qd6+  1-0

[Event "CRO-chT"]
[Site "Porec"]
[Date "1998.09.06"]
[Round "2"]
[White "Orenda, Omar"]
[Black "Jovanovic, Zoran2"]
[Result "1/2-1/2"]
[WhiteElo "2155"]
[BlackElo "2285"]

1.d4 Nf6 2.Bg5 e6 3.e4 h6 4.Bxf6 Qxf6 5.Nc3 a6 6.Qd2 b5 7.e5 Qe7 8.f4 Bb7
9.O-O-O b4 10.Na4 Bc6 11.Nc5 d6 12.Nd3 a5 13.Ne2 Nd7 14.c4 bxc3 15.Qxc3 Bb7
16.Ng3 h5 17.f5 h4  1/2-1/2

[Event "CRO-chT"]
[Site "Porec"]
[Date "1998.09.14"]
[Round "8"]
[White "Vidovic, Sasa"]
[Black "Jovanovic, Zoran2"]
[Result "1/2-1/2"]
[WhiteElo "2245"]
[BlackElo "2285"]

1.d4 Nf6 2.Bg5 e6 3.Nc3 h6 4.Bh4 d5 5.Bxf6 Qxf6 6.e4 Bb4 7.exd5 exd5 8.Qe2+ Qe6
9.Qxe6+ Bxe6 10.Ne2 c6 11.a3 Bd6 12.Nc1 Bf5 13.Bd3 Bxd3 14.Nxd3 O-O 15.O-O Re8
16.Rfe1 Nd7 17.Rxe8+ Rxe8 18.Re1 Rxe1+ 19.Nxe1 Kf8 20.Nd3 Ke7 21.f3 Nf8 22.g3 Ne6
23.Ne2 b6 24.Ne5 Bxe5 25.dxe5 c5 26.Kf2  1/2-1/2

[Event "Itau Mercosul Cup 2nd"]
[Site "Sao Paulo"]
[Date "1998.09.16"]
[Round "9"]
[White "Disconzi da Silva, Rodrigo"]
[Black "Borges, Leomar Barbero"]
[Result "1/2-1/2"]
[WhiteElo "2355"]
[BlackElo "2205"]

1.d4 Nf6 2.Bg5 e6 3.e4 h6 4.Bxf6 Qxf6 5.Nf3 d6 6.Nc3 g5 7.e5 Qe7 8.Bd3 Nc6
9.Ne4 Bg7 10.exd6 cxd6 11.c3  1/2-1/2

[Event "Intercoop tt 14th"]
[Site "Buenos Aires"]
[Date "1998.10.03"]
[Round "7"]
[White "Wisniacki, Flavio"]
[Black "Peralta, Fernando"]
[Result "0-1"]
[WhiteElo "2035"]
[BlackElo "2435"]

1.d4 Nf6 2.Bg5 e6 3.c4 c5 4.d5 h6 5.Bxf6 Qxf6 6.Nc3 d6 7.g3 e5 8.Bh3 Nd7
9.Qd3 g6 10.e4 h5 11.Nge2 h4 12.O-O-O a6 13.f4 Bh6 14.Kb1 O-O 15.f5 b5 16.fxg6 fxg6
17.gxh4 Qxh4 18.Rhg1 bxc4 19.Rxg6+ Kh7 20.Qg3 Qxg3 21.Rxg3 Nf6 22.Bxc8 Raxc8
23.Rh3 Ng4 24.Rg1 Ne3 25.Ng3 Rf3 26.Nd1 Nxd1 27.Rxd1 Rb8 28.Rf1 Rbf8 29.Rc1 Rd3
30.Rh4 Rd4 31.a3 Rf2 32.Nf1 Rd3 33.Re1 Rb3 34.Ne3 Rbxb2+ 35.Ka1 Ra2+ 36.Kb1 Rfb2+
37.Kc1 c3  0-1

[Event "Elista ol (Men)"]
[Site "Elista"]
[Date "1998.10.03"]
[Round "5"]
[White "Guliev, Sarhan"]
[Black "Magomedov, Magaram"]
[Result "1/2-1/2"]
[WhiteElo "2465"]
[BlackElo "2540"]

1.d4 Nf6 2.Bg5 e6 3.Nf3 Be7 4.e3 b6 5.Bd3 Bb7 6.Nbd2 c5 7.O-O cxd4 8.exd4 O-O
9.Re1 h6 10.Bxf6 Bxf6 11.Be4 d5 12.Bd3 Ba6  1/2-1/2

[Event "Elista ol (Men)"]
[Site "Elista"]
[Date "1998.10.06"]
[Round "8"]
[White "Fernandes, Antonio"]
[Black "Hatanbaatar, Bazar"]
[Result "1-0"]
[WhiteElo "2480"]
[BlackElo "2440"]

1.d4 Nf6 2.Bg5 e6 3.e4 h6 4.Bxf6 Qxf6 5.Nc3 d6 6.Qd2 Nd7 7.O-O-O Qd8 8.f4 Be7
9.Nf3 a6 10.Kb1 b5 11.d5 e5 12.g3 Bf6 13.h4 Nc5 14.fxe5 dxe5 15.Qe3 Qd6 16.Bh3 Nd7
17.Rd2 Nb6 18.Qd3 Bxh3 19.Rxh3 Nc4 20.Re2 Qb4 21.Nd1 O-O-O 22.Nd2 Nb6 23.c3 Qc5
24.Nb3 Qd6 25.Ne3 c5 26.c4 Qd7 27.Rh1 Be7 28.Qc3 f6 29.cxb5 Qxb5 30.Rc2 Rd7
31.Rhc1 Na4 32.Qd2 Kb8 33.Na5 Rc8 34.Nac4 Ka7 35.Ka1 Rb8 36.h5 Bd8 37.Nf5 Nb6
38.Nxb6 Bxb6 39.Qc3 Rc8 40.Qc4 Rg8 41.Nh4 Ka8 42.Rc3 Qxc4 43.Rxc4 Rb8 44.R1c3 Ka7
45.Rb3 Rc8 46.Ra3 a5 47.Kb1 Ka6 48.Kc2 Rb8 49.Rb3 Rdb7 50.Nf5 Rg8 51.Nh4 Rgb8
52.Kd3 Rc8 53.Ke2 Rd7 54.Kf3 Bd8 55.Nf5 Bb6 56.Kg4 Bd8 57.Kh3 Bb6 58.Kh4 Rg8
59.Rf3 Kb5 60.b3 Ra8 61.Ra4 Rc8 62.Rc4 Ra8 63.a4+ Ka6 64.Kg4 Rc8 65.Nh4 Bd8
66.Kf5 Be7 67.Ke6 Rcd8 68.Rfc3 Kb6 69.Rc2 Bd6 70.Kf5 Rb8 71.R4c3 Kc7 72.Nf3 Bf8
73.Nd2 Kd8 74.Nc4 Ra7 75.Na3 Rb4 76.Nb5 Rd7 77.Rb2 Rb7 78.Rb1 Kd7 79.Rb2 Rb6
80.Rc4 Rxc4 81.bxc4 Rb7 82.Rb1 Rb6 83.Rb2 Ke7 84.Rb3 Kf7 85.Rd3 Be7 86.d6 Bd8
87.Rd1 Rc6 88.Rd5 Bb6 89.d7 Ke7 90.Na7  1-0

[Event "NRW Sportland Cup Masters"]
[Site "Senden"]
[Date "1998.10.08"]
[Round "1"]
[White "Wessler, Dirk"]
[Black "Chuchelov, Vladimir"]
[Result "0-1"]
[WhiteElo "2225"]
[BlackElo "2540"]

1.d4 Nf6 2.Bg5 e6 3.c3 h6 4.Bf4 c5 5.e3 b6 6.Nf3 Bb7 7.Nbd2 cxd4 8.exd4 Be7
9.h3 O-O 10.Bd3 d6 11.O-O Nbd7 12.Re1 Re8 13.Nf1 Bf8 14.Bb5 a6 15.Ba4 b5
16.Bc2 Rc8 17.Rc1 Qc7 18.Bh2 g6 19.Bb3 Bg7 20.Ne3 Nb6 21.Nd2 Qc6 22.f3 Qd7
23.Qe2 a5 24.a3 Nfd5 25.Ne4 Nxe3 26.Qxe3 Bd5 27.Bd1 Nc4 28.Qf2 f5 29.Ng3 e5
30.dxe5 dxe5 31.Bb3 Kh7 32.Rcd1 Qf7 33.Bxc4 bxc4 34.Qb6 Ra8 35.Kh1 Reb8 36.Qc5 Be6
37.Re2 Rd8 38.Rde1 Qa7 39.Bg1 Qxc5 40.Bxc5 Rd5 41.Bb6 Rc8 42.Nf1 f4 43.Rd2 Rb5
44.Bd8 Rcb8 45.a4 Rxb2 46.Bxa5 Rb1 47.Rde2 e4 48.Rxe4 Bf5 49.Re7 R8b7 50.Kg1 Rxe7
51.Rxe7 Bd3 52.Bc7 Kg8 53.a5 Bxc3 54.Bb6 Rxf1+ 55.Kh2 Be1 56.Bg1 Bg3+ 57.Kh1 Bf2  0-1

[Event "Nordre Efteraar"]
[Site "Aarhus"]
[Date "1998.10.16"]
[Round "7"]
[White "Ziegler, Ari"]
[Black "Pedersen, Nicolai Vesterbaek"]
[Result "0-1"]
[WhiteElo "2410"]
[BlackElo "2315"]

1.d4 Nf6 2.Bg5 e6 3.e4 h6 4.Bxf6 Qxf6 5.Nc3 d6 6.Qd2 g5 7.g3 Bg7 8.O-O-O Bd7
9.f4 Nc6 10.e5 dxe5 11.dxe5 Qe7 12.Bg2 O-O-O 13.Qf2 Qb4 14.Nge2 Qb6 15.Qxb6 axb6
16.a3 Ne7 17.Be4 f6 18.exf6 Bxf6 19.Rd3 gxf4 20.gxf4 Nf5 21.Bxf5 exf5 22.Nd5 Bc6
23.Rhd1 Bxd5 24.Rxd5 Rxd5 25.Rxd5 Re8 26.Ng3 Re1+ 27.Kd2 Rg1 28.Rxf5 Bxb2
29.Ne2 Ra1 30.Rh5 Bg7 31.Rf5 Rh1 32.Rh5 Ra1 33.Rh3 Bf8 34.Rg3 Kd7 35.f5 Rxa3
36.Rg8 Ke8 37.Nd4 Kf7 38.Rg2 Rh3 39.Nb5 c6  0-1

[Event "SWE-chT 9899"]
[Site "Sweden"]
[Date "1998.10.17"]
[Round "2"]
[White "Eksmyr, Johan"]
[Black "Andersson, Mats"]
[Result "0-1"]
[WhiteElo "2190"]
[BlackElo "2320"]

1.d4 Nf6 2.Bg5 e6 3.e4 h6 4.Bxf6 Qxf6 5.Nc3 d6 6.Qd2 g6 7.O-O-O Nd7 8.f4 Nb6
9.Nf3 Bd7 10.g3 O-O-O 11.Bg2 Bc6 12.Kb1 Be7 13.Rhf1 Qg7 14.Qe2 a6 15.Qf2 g5
16.Nd2 gxf4 17.Qxf4 Rhf8 18.Nf3 Kb8 19.Qe3 Rde8 20.Qd3 Bd8 21.Bh3 Qg6 22.d5 Bd7
23.e5 Qh5 24.dxe6 fxe6 25.Bg2 d5 26.Rfe1 Qf7 27.Qe3 Qg7 28.Ne2 Nc4 29.Qd4 c5
30.Qxc5 Bb6 31.Qb4 Ba5 32.Qb3 Bxe1 33.Rxe1 Rxf3 34.Bxf3 Nd2+  0-1

[Event "Najdorf op"]
[Site "Buenos Aires"]
[Date "1998.10.27"]
[Round "4"]
[White "Garcia Palermo, Carlos"]
[Black "De Dovitiis, Alejo"]
[Result "1-0"]
[WhiteElo "2470"]
[BlackElo "2350"]

1.d4 Nf6 2.Bg5 e6 3.e4 h6 4.Bxf6 Qxf6 5.Nc3 Bb4 6.Qd2 d5 7.e5 Qd8 8.a3 Be7
9.f4 b6 10.Nf3 Bb7 11.Nd1 Qd7 12.Ne3 Na6 13.c4 dxc4 14.Bxc4 Bxf3 15.gxf3 Bh4+
16.Ke2 Nb8 17.d5 b5 18.Ba2 Na6 19.Rac1 O-O-O 20.Qa5 Kb7 21.Rhd1 Qe8 22.Rc6  1-0

[Event "Wch U16"]
[Site "Oropesa del Mar"]
[Date "1998.10.29"]
[Round "4"]
[White "Szymanski, Marcin"]
[Black "Tan, Desmond"]
[Result "1/2-1/2"]
[WhiteElo "2295"]
[BlackElo "2150"]

1.d4 Nf6 2.Bg5 e6 3.e4 h6 4.Bxf6 Qxf6 5.Nf3 c5 6.e5 Qd8 7.d5 d6 8.Bb5+ Bd7
9.Bxd7+ Qxd7 10.Nc3 exd5 11.Qxd5 Nc6 12.O-O-O O-O-O 13.Qc4 Qe6 14.Qxe6+ fxe6
15.exd6 Bxd6 16.Ne4 Be7 17.Rde1 Rhf8 18.Ng3 Nd4 19.Nxd4 Rxd4 20.Ne4 b6 21.c3 Rd5
22.Re2 b5 23.Rhe1 b4 24.c4 Rd4 25.b3 a5 26.Rd1 Rfd8 27.Rxd4 Rxd4 28.f3 Kd7
29.Rd2 e5 30.Kc2 Ke6 31.Rd3 g6 32.Ng3 Bg5 33.h3 h5 34.Ne2 Rh4 35.Rd5 Be7
36.Kd3 g5 37.Ng3 g4 38.hxg4 hxg4 39.Ne4 gxf3 40.gxf3 Rh2 41.Nxc5+ Bxc5 42.Rxc5 Rxa2
43.Ke3 a4 44.bxa4 Rxa4 45.Ke4 b3 46.Rxe5+ Kf6 47.Rb5 Rxc4+ 48.Kd3 Ra4 49.Rxb3 Kf5
50.Ke3 Ra5 51.Kf2 Ra8 52.Rb5+ Kf4 53.Rb4+ Kf5  1/2-1/2

[Event "Chigorin mem"]
[Site "St. Petersburg"]
[Date "1998.11.01"]
[Round "2"]
[White "Chepukaitis, Genrikh"]
[Black "Evelev, Vladimir M"]
[Result "1-0"]
[WhiteElo "2420"]
[BlackElo "2280"]

1.d4 Nf6 2.Bg5 e6 3.Nd2 d5 4.e3 Be7 5.Bxf6 gxf6 6.Ne2 c5 7.c3 Nc6 8.g3 b6
9.Bg2 Qd7 10.Nf4 Ba6 11.Qa4 Na5 12.Qxd7+ Kxd7 13.dxc5 bxc5 14.Nb3 Nc6 15.O-O-O Kc7
16.Rxd5 exd5 17.Nxd5+ Kb8 18.Nxe7 Nxe7 19.Nxc5 Bb5 20.Bxa8 Kxa8 21.Rd1 Rc8
22.Ne4 Ng8 23.Nd6 Rb8 24.c4 Bd7 25.Nxf7 Be6 26.Nd6 Ne7 27.b3 Rd8 28.Rd2 Kb8
29.Ne4 Rxd2 30.Kxd2 f5 31.Ng5 Bg8 32.Kc3 Nc6 33.f4 Kc7 34.h3 Kd6 35.e4 h6
36.e5+ Kc5 37.Nf3 Be6 38.Ne1 a5 39.a3 Kb6 40.Nc2 Kc5 41.Ne3 h5 42.Nc2 Kb6
43.b4 Bf7 44.h4 Bg8 45.Ne1 Nd8 46.Nd3 Ne6 47.Nb2 Bf7 48.Na4+ Kc6 49.Kd3 Be8
50.Nc3 axb4 51.axb4 Nc7 52.Nd1 Bg6 53.Ne3 Bh7 54.Nf1 Bg6 55.Nd2 Ne6 56.Nf3 Bh7
57.Kc3 Bg8 58.Nd2 Bf7 59.Nb3 Kb6 60.Na5 Nc7 61.Nb3 Ne6 62.b5 Nc5 63.Nd4 Ne4+
64.Kb4 Bg6 65.Ne6 Nxg3 66.c5+ Kb7 67.Ka5 Kc8 68.c6 Bf7 69.Nd4 Ne4 70.b6 Nc5
71.Nxf5 Be6 72.Nd6+ Kb8 73.Kb5 Nb7 74.Nxb7 Bd7 75.Nd6 Bxc6+ 76.Kxc6 Ka8 77.e6  1-0

[Event "Escaldes zt"]
[Site "Escaldes"]
[Date "1998.11.08"]
[Round "3"]
[White "Vaisser, Anatoli"]
[Black "Comas Fabrego, Luis"]
[Result "0-1"]
[WhiteElo "2575"]
[BlackElo "2540"]

1.d4 Nf6 2.Bg5 e6 3.e4 h6 4.Bxf6 Qxf6 5.Nf3 d6 6.Nc3 g5 7.e5 Qe7 8.Bb5+ Bd7
9.O-O d5 10.Be2 Nc6 11.a3 Bg7 12.b4 a6 13.Qd3 O-O 14.Nd1 f6 15.exf6 Qxf6
16.c3 g4 17.Nd2 e5 18.dxe5 Nxe5 19.Qxd5+ Kh8 20.f4 gxf3 21.Nxf3 Nxf3+ 22.Bxf3 Bb5
23.Rf2 Rae8 24.Qd2 Qe5 25.Nb2 Qxc3 26.Qxc3 Bxc3 27.Rd1 Bd4 28.a4 Bxf2+ 29.Kxf2 Bc6
30.Rc1 Rd8 31.Nc4 Bxf3 32.gxf3 Rfe8 33.Rc3 Rd4 34.b5 axb5 35.axb5 Rd5 36.Ne3 Rxb5
37.Rxc7 Rb2+ 38.Nc2 Re6 39.Rc8+ Kh7 40.Kg3 Rc6 41.Rxc6 bxc6 42.Ne3 Re2 43.Nc4 Kg6
44.Kf4 Kf6 45.Ne3 h5 46.h3 Ra2 47.Ke4 Ra4+  0-1

[Event "Elgoibar"]
[Site "Elgoibar"]
[Date "1998.11.21"]
[Round "1"]
[White "Bellon Lopez, Juan Manuel"]
[Black "Van der Wiel, John TH"]
[Result "1/2-1/2"]
[WhiteElo "2490"]
[BlackElo "2520"]

1.d4 Nf6 2.Bg5 e6 3.e3 c5 4.c3 Qb6 5.Qb3 Ne4 6.Bf4 d5 7.Bd3 Bd6 8.Bxe4 Bxf4
9.exf4 dxe4 10.dxc5 Qxc5 11.Nd2 e3 12.fxe3 Qxe3+ 13.Ne2 O-O 14.c4 Qxb3 15.Nxb3 b6
16.Kf2 Ba6 17.Rac1 Nc6 18.Rhd1 Rfc8 19.Nbd4 Kf8 20.b3 Ke7  1/2-1/2

[Event "BL2-S9899"]
[Site "Germany"]
[Date "1998.11.22"]
[Round "2.7"]
[White "Hauke, Christian"]
[Black "Hellmayr, Alois"]
[Result "1-0"]
[WhiteElo "2210"]
[BlackElo "2250"]

1.d4 Nf6 2.Bg5 e6 3.e4 h6 4.Bxf6 Qxf6 5.Nc3 d6 6.Qd2 a6 7.f4 Qd8 8.Nf3 b5
9.Bd3 Be7 10.Ne2 c5 11.c3 Bb7 12.O-O Nd7 13.Ng3 O-O 14.Rad1 cxd4 15.cxd4 Rc8
16.Bb1 Qb6 17.Kh1 Rfe8 18.Nh5 b4 19.e5 Nf8 20.Qf2 g6 21.Qg3 Kh8 22.Nf6 Bxf6
23.exf6 Bxf3 24.Qxf3 Qd8 25.Qb7 Qxf6 26.Qxb4 d5 27.Qd6 a5 28.h3 Red8 29.Qb6 Rb8
30.Qxa5 Rxb2 31.Qc3 Rdb8 32.Qe3 Nd7 33.Kh2 Kg7 34.a4 R8b3 35.Bd3 Nb6 36.a5 Nc4
37.Qe1 Ra3 38.Bxc4 dxc4 39.Ra1 Rxa1 40.Qxa1 Qxd4 41.a6 c3 42.a7 Qd5 43.a8=Q Rxg2+
44.Kh1  1-0

[Event "BL2-O9899"]
[Site "Germany"]
[Date "1998.11.22"]
[Round "2.4"]
[White "Lorenz, Gerd"]
[Black "Kirchner, Thomas"]
[Result "1-0"]
[WhiteElo "2350"]
[BlackElo "2265"]

1.d4 Nf6 2.Bg5 e6 3.Nd2 c5 4.e3 cxd4 5.exd4 d5 6.c3 Be7 7.Bd3 O-O 8.f4 b6
9.Qe2 a5 10.Ngf3 Ba6 11.Bxa6 Nxa6 12.Ne5 Nb8 13.O-O Nfd7 14.Bxe7 Qxe7 15.Rae1 Nxe5
16.Qxe5 Nc6 17.Qe2 Qd7 18.Nf3 Rae8 19.Rf2 Rb8 20.Qd3 h6 21.Nh4 f5 22.Qb5 Rf7
23.a4 Nd8 24.Ng6 Qxb5 25.axb5 a4 26.Rfe2 Ra8 27.c4 Rf6 28.Ne5 dxc4 29.Nxc4 Rb8
30.Ra1 Rf7 31.Rxa4 Rd7 32.Ne5 Rd5 33.Rc2 Nf7 34.Rc7 Nxe5 35.fxe5 Kh7 36.Re7 Rxb5
37.Raa7 Rg8 38.Rxe6 Rxb2 39.Ree7 b5 40.d5 b4 41.d6 b3 42.Rab7 Ra8 43.Rxg7+ Kh8
44.h3 Re2 45.Rge7 b2 46.e6 f4 47.Rh7+ Kg8 48.Rbg7+ Kf8 49.e7+  1-0

[Event "Elgoibar"]
[Site "Elgoibar"]
[Date "1998.11.25"]
[Round "5"]
[White "Bellon Lopez, Juan Manuel"]
[Black "Ubilava, Elizbar"]
[Result "1/2-1/2"]
[WhiteElo "2490"]
[BlackElo "2540"]

1.d4 Nf6 2.Bg5 e6 3.e3 c5 4.Nd2 d5 5.c3 Nbd7 6.f4 h6 7.Bxf6 Nxf6 8.Qf3 Qb6
9.O-O-O Bd7 10.Bd3 O-O-O 11.Ne2 Kb8 12.g4 Ka8 13.Bc2 Qa6 14.Kb1 e5 15.f5 Bb5
16.c4 Bxc4 17.Nxc4 e4 18.Qg2 Qxc4 19.Nc3 Qa6 20.dxc5 Bxc5 21.Bb3 Qc6 22.g5 hxg5
23.Qxg5 d4 24.exd4 Bxd4 25.Ne2 Be5 26.Rc1 Qb6 27.Rc2 e3 28.Qxg7 a6 29.h4 Qb4
30.Qxf7 Rxh4 31.Rxh4 Qxh4 32.a3 Qe4 33.Qe6 Ka7 34.Ka2 Rd2 35.Qc8 Bd4 36.Qc4 Bb6
37.Qxe4 Nxe4 38.Rxd2 exd2 39.Nc3 Nxc3+ 40.bxc3  1/2-1/2

[Event "Sonnevanck 7th"]
[Site "Wijk aan Zee"]
[Date "1998.12.01"]
[Round "1"]
[White "Romero Holmes, Alfonso"]
[Black "Van Beek, Lucien"]
[Result "1-0"]
[WhiteElo "2485"]
[BlackElo "2315"]

1.d4 Nf6 2.Bg5 e6 3.e4 h6 4.Bxf6 Qxf6 5.Nc3 Bb4 6.Qd2 d6 7.a3 Ba5 8.Nge2 e5
9.b4 Bb6 10.Nd5 Qd8 11.Rd1 exd4 12.Nxd4 O-O 13.Be2 Re8 14.O-O Rxe4 15.Nb5 Bd7
16.c4 Bxb5 17.cxb5 c6 18.bxc6 Nxc6 19.Bd3 Re5 20.Bb1 Ne7 21.Nf4 Nf5 22.Bxf5 Rxf5
23.Nd5 Qg5 24.Qd3 Re8 25.a4 Bd8 26.f4 Qg6 27.Rc1 Rh5 28.Qf3 Rh4 29.g3 Qg4
30.Qxg4 Rxg4 31.Kg2 f5 32.Rfe1 Rxe1 33.Rxe1 Kf7 34.Ne3 Rg6 35.Nxf5 Rf6 36.Nd4 d5
37.Rd1 Bb6 38.Nf3 Rd6 39.a5 Be3 40.Ne5+ Ke6 41.Kf3 d4 42.Ke4 Rd8 43.a6 Rb8
44.Ra1 Kd6 45.Ra2 b5 46.Rc2 Rb6 47.Rc5 Rxa6 48.Rd5+ Ke7 49.Rxb5 g5 50.Rb7+ Ke8
51.f5 Rd6 52.Rxa7 Bg1 53.Ra8+ Ke7 54.Ra7+ Ke8 55.Nf3 d3 56.Ra1 Bf2 57.Rf1 g4
58.Rxf2 gxf3 59.Ke3 Rd5 60.g4 h5 61.h3 Ke7 62.Rd2 Kf6 63.Kxf3 hxg4+ 64.hxg4 Rd4
65.b5 Kg5 66.b6 Rxg4 67.f6 Rb4 68.f7 Rf4+ 69.Ke3 Rxf7 70.Kxd3 Rb7 71.Rb2 Kf6
72.Kc4 Ke7 73.Kb5 Kd8 74.Ka6 Kc8 75.Rc2+  1-0

[Event "Oxford Grandmasters 'A'"]
[Site "Oxford"]
[Date "1998.12.16"]
[Round "3"]
[White "Hodgson, Julian M"]
[Black "Rowson, Jonathan"]
[Result "1-0"]
[WhiteElo "2575"]
[BlackElo "2495"]

1.d4 Nf6 2.Bg5 e6 3.e4 h6 4.Bxf6 Qxf6 5.c3 d6 6.Bd3 g6 7.Ne2 Bg7 8.O-O O-O
9.f4 Nd7 10.Nd2 Qe7 11.Qe1 b6 12.Qg3 Bb7 13.e5 Rad8 14.Ne4 b5 15.Rae1 b4
16.h4 bxc3 17.bxc3 Kh8 18.h5 gxh5 19.Qh3 h4 20.exd6 cxd6 21.f5 d5 22.f6 Nxf6
23.Nxf6 Bxf6 24.Nf4 Rd6 25.Bc2 Rg8 26.Nh5 Bg5 27.Qd3 f6 28.Nxf6 Bxf6 29.Rxf6 Qg7
30.Qf3 Rc6 31.Rf7 Rxc3 32.Rxg7 Rxf3 33.Rh7+  1-0

[Event "Skopje op"]
[Site "Skopje"]
[Date "1998.12.17"]
[Round "6"]
[White "Mitkovski, Oliver"]
[Black "Dancevski, Orce"]
[Result "0-1"]
[WhiteElo "2195"]
[BlackElo "2405"]

1.d4 Nf6 2.Bg5 e6 3.e4 h6 4.Bxf6 Qxf6 5.Nf3 d6 6.Nbd2 Qd8 7.Bd3 Be7 8.O-O Nd7
9.Qe2 e5 10.dxe5 Nxe5 11.Nxe5 dxe5 12.Bc4 O-O 13.Rad1 Bd6 14.Qh5 Qf6 15.Bb3 b5
16.a4 a6 17.Rfe1 Bc5 18.Nf3 Bd6 19.axb5 axb5 20.Rd3 Kh7 21.Qh4 g5 22.Qh5 Qg7
23.g4 Qg6 24.Qxg6+ Kxg6 25.h3 h5 26.Nh2 Rh8 27.Kg2 Be6 28.f3 Bc4 29.Bxc4 bxc4
30.Rd2 hxg4 31.fxg4 c3 32.bxc3 Ra3 33.Rd3 Rb8 34.Re2 Rb1 35.Nf3 Raa1 36.Rde3 Bc5
37.Rd3 f6 38.Rd5 Bb6 39.Rd3 Ba5 40.c4 Rc1 41.Kg3 Ra2 42.Rd5 Bb6 43.c5 Ba5
44.h4 gxh4+ 45.Nxh4+ Kf7 46.c6 Be1+ 47.Kh3 Ra3+ 48.Rd3 Rxc2 49.Rxa3 Rxe2
50.Nf5 Rc2 51.Rd3 Rxc6 52.Rd7+ Ke8 53.Re7+ Kf8 54.g5 Bb4 55.Rg7 fxg5 56.Rxg5 Rc1
57.Nh4 Rh1+ 58.Kg4 Rxh4+ 59.Kxh4 Be7 60.Kg4 Bxg5 61.Kxg5  0-1

[Event "Aberdeen op"]
[Site "Aberdeen"]
[Date "1998.??.??"]
[Round "?"]
[White "Grant, Alan"]
[Black "Arakhamia, Ketevan"]
[Result "0-1"]
[WhiteElo "2185"]
[BlackElo "2440"]

1.d4 Nf6 2.Bg5 e6 3.e4 h6 4.Bxf6 Qxf6 5.Nc3 d6 6.Bd3 Nc6 7.Nge2 g5 8.O-O Bg7
9.d5 Ne5 10.Bb5+ Kd8 11.f4 gxf4 12.Nxf4 Qg5 13.a4 h5 14.Ra3 Ng4 15.Nce2 Bxb2
16.Raf3 Bg7 17.g3 Ne5 18.R3f2 h4 19.Rg2 h3 20.Rgf2 a6 21.Bd3 Ng4 22.Qc1 Qh6
23.dxe6 Nxf2 24.e7+ Kxe7 25.Rxf2 c6 26.Kh1 Bg4 27.Qb1 b5 28.c4 Rhb8 29.Qf1 bxa4
30.c5 Rb7 31.Qc1 Rb4 32.Nc3 Rab8 33.Ra2 Bxc3  0-1

[Event "AUT-chT 9899"]
[Site "AUT"]
[Date "1998.??.??"]
[Round "?"]
[White "Casagrande, Harald"]
[Black "Neumeier, Klaus"]
[Result "0-1"]
[WhiteElo "2370"]
[BlackElo "2255"]

1.d4 Nf6 2.Bg5 e6 3.Nf3 h6 4.Bxf6 Qxf6 5.c3 d6 6.e4 g6 7.Nbd2 Bg7 8.Bb5+ Nd7
9.Qe2 O-O 10.O-O a6 11.Ba4 e5 12.Rfd1 Nb6 13.Bb3 h5 14.Qe3 a5 15.a4 Qe7 16.dxe5 dxe5
17.Nc4 Nd7 18.Bc2 b6 19.Qd2 Rd8 20.Qd5 Ba6 21.Ne3 Be2 22.Re1 Bxf3 23.gxf3 Qf6
24.Qd1 Nc5 25.Qe2 Ne6 26.Bb3 Nf4 27.Qf1 Qh4 28.Rad1 Nh3+ 29.Kg2 Bh6 30.Rxd8+ Rxd8
31.Rd1 Rxd1 32.Bxd1 c6 33.Be2 Bf4 34.Nd1 Ng5 35.Qh1 Qh3+ 36.Kg1 Qd7 37.Qg2 Qd2
38.Kf1 Ne6 39.h4  0-1

[Event "Regionalliga SO9899"]
[Site "Bayern"]
[Date "1998.??.??"]
[Round "?"]
[White "Poellner, Ludwig"]
[Black "Putz, Georg"]
[Result "0-1"]
[WhiteElo "2095"]
[BlackElo "1755"]

1.d4 Nf6 2.Bg5 e6 3.e4 Be7 4.Bxf6 Bxf6 5.Nc3 d5 6.e5 Be7 7.f4 c5 8.Nf3 Nc6
9.Bd3 cxd4 10.Ne2 Qb6 11.O-O Qxb2 12.f5 Qb6 13.Nf4 Qd8 14.Nh5 g6 15.fxg6 hxg6
16.Nf4 Bg5 17.Nxg6 Be3+ 18.Kh1 fxg6 19.Bxg6+ Kd7 20.Qd3 Bf4 21.Nxd4 Rxh2+
22.Kg1 Qg5 23.g3 Rd2 24.Qa3 Be3+ 25.Rf2 Qxg3+  0-1

[Event "Regionalliga NW9798"]
[Site "Bayern"]
[Date "1998.??.??"]
[Round "?"]
[White "Stauch, Frank"]
[Black "Gutzeit, Kurt"]
[Result "1-0"]
[WhiteElo "2075"]
[BlackElo "2050"]

1.d4 Nf6 2.Bg5 e6 3.e4 h6 4.Bxf6 Qxf6 5.Nc3 Bb4 6.Qd2 c5 7.e5 Qg6 8.dxc5 Nc6
9.f4 Bxc3 10.bxc3 Qe4+ 11.Ne2 g5 12.Qd3 Qa4 13.g3 b6 14.Rd1 bxc5 15.Bg2 Rb8
16.O-O O-O 17.Qe3 Qxc2 18.fxg5 Rb2 19.gxh6 Ne7 20.Rde1 Ba6 21.Be4 Qd2 22.h7+ Kg7
23.Qf3 Nf5 24.Qg4+ Kh8 25.Bxf5 Bxe2 26.Qh4 Qe3+ 27.Rf2 exf5 28.Qf6+ Kxh7
29.Qxf5+ Kg8 30.Rxe2 Rxe2 31.Qg4+ Kh7 32.Qxe2 Qxe2 33.Rxe2 Re8 34.Kf2 Re6
35.Rd2 Ra6 36.Kf3 Ra3 37.Ke4 Rxc3 38.Rxd7 Kg6 39.Rxa7 Rc2 40.Ra6+ Kg7 41.h4 c4
42.Rc6 Rxa2 43.Rxc4 Re2+ 44.Kf5 Ra2 45.Re4 Rf2+ 46.Kg5 Rf1 47.h5 Rf2 48.h6+ Kg8
49.e6 fxe6 50.Rxe6 Kh7 51.Re7+ Kh8 52.Kg6 Rf8 53.g4 Ra8 54.Re5 Ra6+ 55.Kh5 Ra1
56.g5 Ra8 57.g6  1-0

[Event "Regionalliga NO9798"]
[Site "Bayern"]
[Date "1998.??.??"]
[Round "?"]
[White "Zollstab, Juergen"]
[Black "Heumann, Joern"]
[Result "0-1"]
[WhiteElo "2030"]
[BlackElo "2010"]

1.d4 Nf6 2.Bg5 e6 3.e4 Be7 4.Bxf6 Bxf6 5.f4 d6 6.Nf3 c5 7.e5 dxe5 8.dxe5 Qxd1+
9.Kxd1 Be7 10.Bb5+ Nd7 11.Nbd2 O-O 12.a4 a6 13.Bd3 Nb6 14.c4 Rd8 15.Kc2 Bd7
16.b3 Nc8 17.Be4 Rb8 18.g4 Na7 19.h4 Nc6 20.g5 b5 21.Kc3 bxa4 22.Rxa4 Nd4
23.Rxa6 Ne2+ 24.Kc2 Nxf4 25.Ra7 Bf8 26.h5 Ne2 27.Rh4 Ng3 28.h6 Nf5 29.hxg7 Bxg7
30.Rh3 Be8 31.Rc7 Rbc8 32.Rxc8 Rxc8 33.Rh1 Rd8 34.Kc3 Bf8 35.Bd3 Bc6 36.Ne4 Rxd3+
37.Kxd3 Bxe4+ 38.Kxe4 Ng3+ 39.Kf4 Nxh1 40.Nd2 Nf2 41.Kf3 Nd3 42.Ke4 Nc1 43.b4 cxb4
44.Kd4 Ne2+ 45.Ke3 Nc3 46.Nb3 Na4  0-1